Thermodynamics : (Record no. 7174)

MARC details
000 -LEADER
fixed length control field 01320pam a2200241 4500
003 - CONTROL NUMBER IDENTIFIER
control field IeDuTC
005 - DATE AND TIME OF LATEST TRANSACTION
control field 20181127185609.0
008 - FIXED-LENGTH DATA ELEMENTS--GENERAL INFORMATION
fixed length control field 980511s1998 enka 001 0 eng
010 ## - LIBRARY OF CONGRESS CONTROL NUMBER
LC control number 9700028300
020 ## - INTERNATIONAL STANDARD BOOK NUMBER
International Standard Book Number 9780071152471
Terms of availability
082 04 - DEWEY DECIMAL CLASSIFICATION NUMBER
Classification number 621.4021
Edition number 21
100 1# - MAIN ENTRY--PERSONAL NAME
Personal name Cengel, Yunus A.
245 10 - TITLE STATEMENT
Title Thermodynamics :
Remainder of title an engineering approach /
Statement of responsibility, etc. Yunus A. Cengel, Michael A. Boles.
250 ## - EDITION STATEMENT
Edition statement 3rd ed.
260 ## - PUBLICATION, DISTRIBUTION, ETC.
Place of publication, distribution, etc. Boston ;
-- London :
Name of publisher, distributor, etc. McGraw Hill,
Date of publication, distribution, etc. c1998.
300 ## - PHYSICAL DESCRIPTION
Extent xxxix,1010p. :
Other physical details ill. (some col.) ;
Dimensions 25cm+
Accompanying material 1 computer disk + 3.5"".
500 ## - GENERAL NOTE
General note Includes index.
General note Previous ed.: 1994.
505 ## - FORMATTED CONTENTS NOTE
Formatted contents note CONTENTS : Basic concepts of thermodynamics; properties of pure substances; the first law of thermodynamics - closed systems, control volumes; the second law of thermodynamics; entropy - a measure of disorder; energy - a measure of work potential; gas power cycles; vapour and combined power cycles; refrigeration cycles; thermodynamics property; gas mixtures; gas vapour mixtures and air conditioning; chemical reactions; chemical and phase equilibrium; thermodynamics of high- speed fluid flow; property tables and charts (SI units, English units); about the software.
Miscellaneous information
Statement of responsibility
Title
650 #0 - SUBJECT ADDED ENTRY--TOPICAL TERM
Topical term or geographic name entry element Thermodynamics.
700 1# - ADDED ENTRY--PERSONAL NAME
Personal name Boles, Michael A.
Holdings
Withdrawn status Lost status Source of classification or shelving scheme Damaged status Not for loan Collection code Home library Current library Shelving location Serial Enumeration / chronology Inventory number Total Checkouts Full call number Barcode Date last seen Price effective from Koha item type
    Dewey Decimal Classification     Main TEST RTC Library RTC Library Main opac 12699   621 CEN 30011658 27/11/2018 27/11/2018 Main
Royal Thimphu College || All Right Reserved